Universidad de síntesis. (Registro nro. 771)
[ vista simple ]
| 000 -LEADER | |
|---|---|
| fixed length control field | 00694 am a2200205 a 4500 |
| 005 - FECHA ULTIMA MODIFICACION | |
| control field | 20240627103230.0 |
| 008 - CAMPO DE CONTROL (LIBRO) | |
| fixed length control field | 100928s1984||||ag # f |||| 001 0 spa d |
| 020 ## - INTERNATIONAL STANDARD BOOK NUMBER | |
| ISBN | 9501401863 |
| 041 ## - CODIGO DE IDIOMA | |
| Código de idioma del texto/pista de sonido o título separado | spa |
| 092 ## - SIGNATURA TOPOGRAFICA DEWEY LOCAL | |
| número de clasificación | 378.820905 |
| libristica | 54 |
| sección | MUN |
| 100 1# - ENTRADA PRINCIPAL--NOMBRE PERSONAL | |
| Nombre personal | Muñoz Soler, Ramón Pascual. |
| 9 (RLIN) | 1525 |
| 245 ## - TITULO PROPIAMENTE DICHO | |
| Título | Universidad de síntesis. |
| Subtítulo y Título paralelo | Modelo argentino para el año 2000 / |
| Mención de responsabilidad y remanente de la transcripción de la portada | Ramón Pascual Muñoz Soler. |
| 250 ## - MENCION DE EDICION | |
| Mención de edición | 1a ed. |
| 260 ## - PIE DE IMPRENTA | |
| Lugar de publicación, distribución, etc | Buenos Aires: |
| Nombre de la editorial, distribuidor, etc | Depalma; |
| Fecha de publicación | 1984. |
| 300 ## - DESCRIPCION FISICA | |
| Extension | 91 p. |
| 500 ## - NOTA GENERAL | |
| Nota general | Muñoz Soler, R. P. (1994). Universidad de síntesis. Modelo argentino para el año 2000. (1a ed.). Buenos Aires : Depalma. |
| 653 ## - TÉRMINO INDIZADO - PALABRAS CLAVES | |
| Palabra clave | Educación Superior |
| 930 ## - NUMERO DE INVENTARIO | |
| Número de inventario | 190 |
| 942 ## - ADDED ENTRY ELEMENTS (KOHA) | |
| Source of classification or shelving scheme | Dewey Decimal Classification |
| Item type | Libros |
| Estado de retiro | Existencia | Estado general | No para prestamo | Ubicación permanente | ubicación actual | Sala de ubicación | Fecha de adquisición | Total Checkouts | Número de clasificación | Código de barras | Date last seen | Número de ejemplar | Price effective from | Koha tipo de elemento (item) |
|---|---|---|---|---|---|---|---|---|---|---|---|---|---|---|
| Biblioteca Medicina | Biblioteca Medicina | Circulación | 13/05/2011 | 378.820905 54 MUN | 190 | 06/11/2014 | ej.1 | 13/05/2011 | Libros |